000 00456nam a2200157Ia 4500
008 240729s9999 xx 000 0 und d
022 _a2335-0164
245 0 _aFacta Universitatis. Series: Mechanical Engineering
260 _aSerbia
260 _bUniversity of Niš
650 _a Mechanical engineering and machinery
650 _aTechnology
856 _uhttps://doaj.org/toc/6bd5e57e144d4b858ced4d2ac1dec3a7
942 _2ddc
942 _cDOAJEJ
999 _c72160
_d72160
945 _a1
_bMadushi Gamage
_c1
_dMadushi Gamage